<?xml version="1.0" encoding="UTF-8"?>
<record
    xmlns:xsi="http://www.w3.org/2001/XMLSchema-instance"
    xsi:schemaLocation="http://www.loc.gov/MARC21/slim http://www.loc.gov/standards/marcxml/schema/MARC21slim.xsd"
    xmlns="http://www.loc.gov/MARC21/slim">

  <leader>01027nam a2200241 i 4500</leader>
  <controlfield tag="001">124971</controlfield>
  <controlfield tag="003">ES-MaACL</controlfield>
  <controlfield tag="005">20250810063036.0</controlfield>
  <controlfield tag="007">t|</controlfield>
  <controlfield tag="008">070425s1942    sp           ||||1| spa d</controlfield>
  <datafield tag="100" ind1="1" ind2=" ">
    <subfield code="a">Jordana de Pozas, Luis,</subfield>
    <subfield code="d">1890-1983</subfield>
    <subfield code="9">66931</subfield>
  </datafield>
  <datafield tag="245" ind1="1" ind2="0">
    <subfield code="a">Elogio de &#xC1;lvaro L&#xF3;pez N&#xFA;&#xF1;ez : </subfield>
    <subfield code="b">conferencia pronunciada en la Escuela Social de Madrid el d&#xED;a 27 de febrero de 1942 / </subfield>
    <subfield code="c">por Luis Jordana de Pozas.</subfield>
  </datafield>
  <datafield tag="260" ind1=" " ind2=" ">
    <subfield code="a">Madrid : </subfield>
    <subfield code="b">[s.n.], </subfield>
    <subfield code="c">1942 (</subfield>
    <subfield code="f">Imp. y Enc. de los Sobrinos de la Sucesora de M. Minuesa de los R&#xED;os)</subfield>
  </datafield>
  <datafield tag="300" ind1=" " ind2=" ">
    <subfield code="a">20 p., 1 retr. ; </subfield>
    <subfield code="c">21 cm.</subfield>
  </datafield>
  <datafield tag="490" ind1="1" ind2=" ">
    <subfield code="a">Publicaciones del Instituto Nacional de Previsi&#xF3;n ; </subfield>
    <subfield code="v">551</subfield>
  </datafield>
  <datafield tag="599" ind1=" " ind2=" ">
    <subfield code="a">Retrato de &#xC1;lvaro L&#xF3;pez N&#xFA;&#xF1;ez.</subfield>
  </datafield>
  <datafield tag="700" ind1="1" ind2=" ">
    <subfield code="a">L&#xF3;pez N&#xFA;&#xF1;ez, Alvaro.</subfield>
    <subfield code="9">73832</subfield>
  </datafield>
  <datafield tag="710" ind1="2" ind2=" ">
    <subfield code="a">Escuela Social de Madrid.</subfield>
    <subfield code="9">3593</subfield>
  </datafield>
  <datafield tag="710" ind1="2" ind2=" ">
    <subfield code="a">Instituto Nacional de Previsi&#xF3;n (Espa&#xF1;a)</subfield>
    <subfield code="9">5180</subfield>
  </datafield>
  <datafield tag="830" ind1="1" ind2=" ">
    <subfield code="a">Publicaciones del Instituto Nacional de Previsi&#xF3;n ; </subfield>
    <subfield code="v">551</subfield>
    <subfield code="9">181151</subfield>
  </datafield>
  <datafield tag="852" ind1=" " ind2=" ">
    <subfield code="a">ES-MaACL</subfield>
    <subfield code="j">C-12631(13)</subfield>
  </datafield>
  <datafield tag="999" ind1=" " ind2=" ">
    <subfield code="c">124971</subfield>
    <subfield code="d">124971</subfield>
  </datafield>
  <datafield tag="952" ind1=" " ind2=" ">
    <subfield code="0">0</subfield>
    <subfield code="1">0</subfield>
    <subfield code="4">0</subfield>
    <subfield code="7">0</subfield>
    <subfield code="a">ATENEOM</subfield>
    <subfield code="b">ATENEOM</subfield>
    <subfield code="c">SPAL</subfield>
    <subfield code="d">2008-01-17</subfield>
    <subfield code="e">SC</subfield>
    <subfield code="l">0</subfield>
    <subfield code="o">C-12631(13)</subfield>
    <subfield code="p">1130203</subfield>
    <subfield code="r">2023-02-23 00:00:00</subfield>
    <subfield code="w">2023-02-23</subfield>
    <subfield code="y">MONOGRAFIA</subfield>
  </datafield>
</record>
